| 000 | 00747nam a22002177a 4500 | ||
|---|---|---|---|
| 999 |
_c15489 _d15489 |
||
| 003 | AR-CdUCM | ||
| 008 | 190427b ||||| |||| 00| 0 spa d | ||
| 040 |
_aMUNICIPALIDAD PROVINCIAL DEL CUSCO _cBIBLIOTECA MUNICIPAL DEL CUSCO |
||
| 041 | _hfr. | ||
| 082 |
_a573.2 / _bV53 / 1931 |
||
| 100 |
_aVerneau, René _934583 |
||
| 245 | _aLos orígenes de la humanidad / | ||
| 260 |
_aBarcelona : _bEdit. Labor, _c1931. |
||
| 300 |
_a120 paginas ; _bIlustraciones, laminas _c19 cm. |
||
| 505 | _aContenido :La antigüedad --La evolución de la humanidad --El origen del hombre / | ||
| 650 |
_aSeres humanos _921798 |
||
| 650 |
_aOrigen _915147 |
||
| 700 |
_aAntonio González (traductor) _934584 |
||
| 942 |
_2ddc _cLIBROS |
||
| 945 |
_arjall _d2019-04-27 |
||